[Event "28. Friedensfest-Open (AFRO-A)"]
[Site "Augsburg"]
[Date "2023.08.04"]
[Round "3.29"]
[White "Berlizov, Wladislaw"]
[Black "Fischermann, Simon"]
[Result "1-0"]
[WhiteElo "1873"]
[BlackElo "1598"]
[EventDate "2023.08.03"]
[Time "09:30:00"]
[WhiteTeam "SC 1947 Beilngries"]
[BlackTeam "Schachgemeinschaft Porz e. V."]

1.e4 e5 2.d4 exd4 3.Qxd4 Nc6 4.Qe3 d6 5.Nc3 Nf6 6.Bd2 Be7 7.O-O-O Be6 8.f3
Qd7 9.Nge2 O-O-O 10.Nf4 Kb8 11.Bb5 a6 12.Ba4 h6 13.g4 g5 14.Nfd5 Rde8 15.
Be1 Bd8 16.Bf2 Bxd5 17.Bxc6 Qxc6 18.Qa7+ Kc8 19.exd5 Nxd5 20.Nxd5 Re2 21.
Nc3 Re6 22.Qd4 Bf6 23.Qd5 Bxc3 24.Qxc6 Bxb2+ 25.Kxb2 bxc6 26.Rhe1 Kd7 27.
Kc3 h5 28.Bg3 Rf6 29.Re3 Re6 30.Rde1 h4 31.Bf2 Rb8 32.Kd2 Rb2 33.Ra3 Rxe1 
34.Bxe1 Rb6 35.Bf2 c5 36.Rb3 Ke6 37.Kd3 Kd5 38.c4+ Ke5 39.Be3 f6 40.Bd2 
Rxb3+ 41.axb3 c6 42.Be3 Ke6 43.f4 gxf4 44.Bxf4 d5 45.Bb8 Ke7 46.Bf4 Ke6 
47.Be3 Kd6 48.h3 d4 49.Bf2 Ke5 50.Bxh4 f5 51.gxf5 Kxf5 52.Be7 1-0

[Event "28. Friedensfest-Open (AFRO-A)"]
[Site "Augsburg"]
[Date "2023.08.06"]
[Round "7.14"]
[White "Zill, Christoph"]
[Black "Schindler, Alexander"]
[Result "1/2-1/2"]
[WhiteElo "2183"]
[BlackElo "1909"]
[EventDate "2023.08.03"]
[Time "09:30:00"]
[WhiteTeam "SK Freising"]
[BlackTeam "Schachfreunde Augsburg"]

1.e4 e5 2.f4 exf4 3.Nf3 Nf6 4.e5 Nh5 5.d4 d6 6.Bc4 dxe5 7.O-O g6 8.Nxe5 
Bg7 9.Bxf7+ Kf8 10.Bb3 Bxe5 11.dxe5 Qxd1 12.Rxd1 Kg7 13.Nc3 Na6 14.Nd5 Rf8
15.Rf1 g5 16.Bd2 Be6 17.Bc3 c6 18.Nf6 Bxb3 19.axb3 Nxf6 20.exf6+ Kg6 21.h4
h6 22.hxg5 hxg5 23.g3 Nc7 24.gxf4 g4 25.Kg2 Nd5 26.Kg3 Rh8 27.f5+ Kg5 28.
Rh1 Nxc3 29.bxc3 Kxf5 30.Raf1+ Kg6 31.Rxh8 Rxh8 32.f7 Rf8 33.Kxg4 Rxf7 
1/2-1/2

[Event "28. Friedensfest-Open (AFRO-A)"]
[Site "Augsburg"]
[Date "2023.08.03"]
[Round "2.36"]
[White "Glaab, Nikolai"]
[Black "Valean, David-Andrei"]
[Result "1-0"]
[WhiteElo "1793"]
[BlackElo "1648"]
[EventDate "2023.08.03"]
[Time "15:30:00"]
[WhiteTeam "SK Koenigsbrunn"]
[BlackTeam "Turngemeinde Schweinfurt 1848 e."]

1.e4 e5 2.Nc3 Nc6 3.Bc4 Bc5 4.Qg4 Qf6 5.Nd5 Qxf2+ 6.Kd1 Kf8 7.Nh3 Qd4 8.d3
Nf6 9.Nxf6 gxf6 10.Qh5 Nd8 11.c3 Qd6 12.Bh6+ Ke8 13.Bg7 Rf8 14.Kc2 Ne6 15.
Bxf8 Qxf8 16.Qxh7 d6 17.Rhf1 Ke7 18.Rf3 Bd7 19.Raf1 Qg8 20.Qh4 Qxg2+ 21.
Kb1 Rf8 22.Rxf6 Ke8 23.Bxe6 Bxe6 24.Ng5 Bg4 25.Nxf7 Be2 26.Re6+ Kd7 27.
Qe7+ Kc6 28.Nxe5+ Kb5 29.Qxf8 Bxf1 30.Qf3 dxe5 31.Qxg2 Bxg2 32.Rxe5 Kc6 
33.h4 Bd6 34.Rg5 Bf3 35.h5 Be2 36.Kc2 Bf4 37.Rg6+ Kb5 38.h6 Bh5 39.Rf6 1-0

[Event "28. Friedensfest-Open (AFRO-A)"]
[Site "Augsburg"]
[Date "2023.08.04"]
[Round "4.41"]
[White "Valean, David-Andrei"]
[Black "Schaad, Simon Ulrich Maria"]
[Result "1-0"]
[WhiteElo "1648"]
[BlackElo "1724"]
[EventDate "2023.08.03"]
[Time "15:30:00"]
[WhiteTeam "Turngemeinde Schweinfurt 1848 e."]
[BlackTeam "SK Keres-Augsburg 1980"]

1.e4 e5 2.Nc3 Bc5 3.Bc4 Nf6 4.d3 h6 5.Nf3 d6 6.h3 a6 7.Be3 b5 8.Bb3 Nbd7 
9.Nd5 c6 10.Nxf6+ Qxf6 11.c3 a5 12.O-O Bb6 13.Qd2 a4 14.Bc2 c5 15.Rad1 Ba5
16.Qe2 Ba6 17.Nh2 g5 18.Ng4 Qg7 19.Bd2 h5 20.Ne3 Nb6 21.Nf5 Qg6 22.Qe3 g4 
23.h4 c4 24.f4 Nd7 25.d4 Bb6 26.Kh1 Rd8 27.Qg3 Bc7 28.dxe5 dxe5 29.Be3 f6 
30.Rf2 exf4 31.Bxf4 Ne5 32.Rxd8+ Kxd8 33.Rd2+ Ke8 34.Nd6+ Kf8 35.Bxe5 fxe5
36.Qxe5 Rh6 37.Rf2+ Kg8 38.Qd5+ Qe6 39.Qa8+ Bc8 40.Qxc8+ Qxc8 41.Nxc8 1-0

[Event "28. Friedensfest-Open (AFRO-A)"]
[Site "Augsburg"]
[Date "2023.08.04"]
[Round "3.40"]
[White "Valean, David-Andrei"]
[Black "Holzmayr, Norbert"]
[Result "0-1"]
[WhiteElo "1648"]
[BlackElo "1820"]
[EventDate "2023.08.03"]
[Time "09:30:00"]
[WhiteTeam "Turngemeinde Schweinfurt 1848 e."]
[BlackTeam "SV Ilmmuenster"]

1.e4 e5 2.Nc3 Nc6 3.Bc4 Nf6 4.d3 d6 5.Be3 a6 6.h3 Na5 7.Bb3 Be7 8.Nf3 Nxb3
9.axb3 O-O 10.O-O h6 11.Ne2 Be6 12.Ng3 Nh7 13.Qd2 f5 14.exf5 Bxf5 15.Nxf5 
Rxf5 16.Ra4 Qd7 17.Nh4 Rf6 18.Rg4 g5 19.Nf3 Rg6 20.Ra4 Rf8 21.Nh2 d5 22.d4
e4 23.Ng4 Qe6 24.Ne5 Rg7 25.Raa1 Bd6 26.Ng4 h5 27.Nh2 Rf6 28.Kh1 g4 29.h4 
g3 30.fxg3 Rxg3 31.Rxf6 Qxf6 32.Bf2 Rg7 33.Rf1 Qg6 34.Bg1 Qg3 35.Qf2 Qxf2 
36.Bxf2 Rf7 37.Be3 Bxh2 38.Rxf7 Kxf7 39.Kxh2 Kf6 40.Kg3 Kf5 41.Kf2 Nf6 42.
Bg5 Ng4+ 43.Ke2 Nh2 44.Bd8 c6 45.g3 Kg4 46.Bc7 Kh3 47.Bb8 Ng4 48.Bf4 Kg2 
49.Bb8 Nh2 50.Bc7 Nf3 51.c3 Ng1+ 52.Ke3 Nf3 53.Bb8 Kh3 54.Bf4 Kg4 55.Kf2 
Nxh4 56.Bb8 Nf3 57.Ke3 Ne1 58.Kd2 Nd3 59.Kc2 Kf3 60.c4 Nb4+ 61.Kd1 0-1

[Event "28. Friedensfest-Open (AFRO-A)"]
[Site "Augsburg"]
[Date "2023.08.05"]
[Round "6.23"]
[White "Lachmayer, Manfred"]
[Black "Holuba, Stefan"]
[Result "1/2-1/2"]
[WhiteElo "1920"]
[BlackElo "1757"]
[EventDate "2023.08.03"]
[Time "15:30:00"]
[WhiteTeam "TSV Langenau"]
[BlackTeam "SK Caissa Augsburg"]

1.e4 e5 2.Nf3 Nc6 3.c3 d5 4.exd5 Qxd5 5.c4 Qd8 6.d3 Nf6 7.Nc3 Be7 8.h3 O-O
9.Be2 h6 10.O-O Bf5 11.a3 Nd7 12.Nd5 Nd4 13.Nxd4 exd4 14.Bf4 c6 15.Nxe7+ 
Qxe7 16.Bg4 Qf6 17.Qf3 Qg6 18.Bh5 Qh7 19.Bd6 Rfe8 20.g4 Be6 21.g5 hxg5 22.
Rae1 Nf6 23.Bg4 Nxg4 24.hxg4 Rad8 25.Bg3 Qh3 26.Re4 c5 27.Rfe1 Bd7 28.Re7 
1/2-1/2

[Event "28. Friedensfest-Open (AFRO-A)"]
[Site "Augsburg"]
[Date "2023.08.04"]
[Round "4.27"]
[White "Schindler, Alexander"]
[Black "Holuba, Stefan"]
[Result "1-0"]
[WhiteElo "1909"]
[BlackElo "1757"]
[EventDate "2023.08.03"]
[Time "15:30:00"]
[WhiteTeam "Schachfreunde Augsburg"]
[BlackTeam "SK Caissa Augsburg"]

1.e4 e5 2.Nf3 Nc6 3.Bb5 f5 4.d3 d6 5.O-O Nf6 6.c3 Be7 7.a4 O-O 8.Bg5 fxe4 
9.dxe4 Bg4 10.Bxf6 Rxf6 11.Nbd2 Qe8 12.Re1 Qh5 13.Be2 Raf8 14.Qb3+ Kh8 15.
Qxb7 Nd8 16.Qxa7 Ne6 17.Qe3 Rh6 18.Nf1 Nf4 19.Ng3 Qg6 20.a5 Nxe2+ 21.Qxe2 
Bxf3 22.gxf3 Rh3 23.Qf1 Rh4 24.Qg2 Bg5 25.Nf5 Rxf5 26.exf5 Qxf5 27.a6 Bf4 
28.a7 h5 29.a8=Q+ Kh7 1-0

[Event "28. Friedensfest-Open (AFRO-A)"]
[Site "Augsburg"]
[Date "2023.08.04"]
[Round "3.28"]
[White "Vogel, Darius"]
[Black "Gehring, Bastian"]
[Result "1-0"]
[WhiteElo "1884"]
[BlackElo "1726"]
[EventDate "2023.08.03"]
[Time "09:30:00"]
[WhiteTeam "TSV Trostberg"]
[BlackTeam "SC Sonthofen"]

1.e4 e5 2.Nf3 Nc6 3.Bb5 d6 4.d4 exd4 5.Nxd4 Bd7 6.Nc3 Nf6 7.O-O Be7 8.Nxc6
Bxc6 9.Bxc6+ bxc6 10.f4 O-O 11.Qf3 c5 12.g4 Qd7 13.h3 h6 14.Be3 Rab8 15.b3
c6 16.Rad1 Rfd8 17.Bxc5 d5 18.Bxe7 Qxe7 19.e5 Nd7 20.Qe3 Qc5 21.Qxc5 Nxc5 
22.Rd4 Ne6 23.Ra4 Rb7 24.Kg2 Nc5 25.Rd4 Ne6 26.Rd2 d4 27.Ne4 Rbd7 28.Kg3 
Rd5 29.Rfd1 Nc5 30.Nxc5 Rxc5 31.c4 Ra5 32.Rxd4 Rxd4 33.Rxd4 Rxa2 34.Rd3 
Ra3 35.Kf3 a5 36.Ke4 g6 37.Kd4 a4 38.bxa4 Rxa4 39.Kc5 Ra2 40.Kxc6 Rf2 41.
c5 Rxf4 42.Kd7 Ra4 43.c6 Ra7+ 44.c7 Kf8 45.Kd8 1-0

[Event "28. Friedensfest-Open (AFRO-A)"]
[Site "Augsburg"]
[Date "2023.08.03"]
[Round "1.13"]
[White "Kraemer, Max"]
[Black "Schindler, Alexander"]
[Result "0-1"]
[WhiteElo "2044"]
[BlackElo "1909"]
[EventDate "2023.08.03"]
[Time "09:30:00"]
[WhiteTeam "SK Caissa Augsburg"]
[BlackTeam "Schachfreunde Augsburg"]

1.e4 e5 2.Nf3 Nc6 3.Bb5 a6 4.Bxc6 dxc6 5.d4 exd4 6.Qxd4 Qxd4 7.Nxd4 Nf6 8.
f3 Bc5 9.Nb3 Ba7 10.Bf4 O-O 11.Bxc7 Re8 12.Nc3 Nd5 13.Nxd5 cxd5 14.e5 Bf5 
15.c3 f6 16.Nd4 Bxd4 17.cxd4 Rac8 18.Bd6 Rc2 19.g4 Bd3 20.f4 Rec8 21.Rd1 
Re2+ 22.Kf1 Rxb2+ 0-1

[Event "28. Friedensfest-Open (AFRO-A)"]
[Site "Augsburg"]
[Date "2023.08.04"]
[Round "3.2"]
[White "Player, Edmund"]
[Black "Reimann, Sebastian"]
[Result "1/2-1/2"]
[WhiteElo "2204"]
[BlackElo "2265"]
[EventDate "2023.08.03"]
[Time "09:30:00"]
[WhiteTeam "FC Bayern Muenchen e.V."]
[BlackTeam "SK Kriegshaber"]

1.e4 e5 2.Nf3 Nc6 3.Bb5 a6 4.Ba4 d6 5.O-O Bd7 6.c3 g6 7.h3 Bg7 8.d4 Nf6 9.
Re1 O-O 10.dxe5 dxe5 11.Bg5 h6 12.Bxf6 Bxf6 13.Nbd2 Qe7 14.Nf1 b5 15.Ne3 
Bg7 16.Nd5 Qd8 17.Bc2 Na5 18.Qe2 c6 19.Ne3 Be6 20.b4 Nb7 21.Bb3 Qe7 22.
Bxe6 Qxe6 23.a4 Nd6 24.Qc2 h5 25.Nd2 Bh6 26.c4 Bxe3 27.Rxe3 bxc4 28.Rc3 
Rfb8 29.Rb1 a5 30.bxa5 Rxb1+ 31.Qxb1 Rxa5 32.Qb4 Ra8 33.Nxc4 c5 34.Qb6 
Nxc4 35.Qxe6 fxe6 36.Rxc4 Ra5 37.Kh2 Kf7 38.Kg3 g5 39.h4 g4 40.f3 gxf3 41.
Kxf3 Kf6 42.g4 hxg4+ 43.Kxg4 Ra8 44.h5 Ra5 45.Kh4 Ra8 46.h6 Kg6 47.Rxc5 
Rxa4 48.Rxe5 Kxh6 49.Rxe6+ Kg7 50.Kg5 Kf7 51.Re5 Ra1 52.Rb5 Ke6 1/2-1/2

[Event "28. Friedensfest-Open (AFRO-A)"]
[Site "Augsburg"]
[Date "2023.08.05"]
[Round "5.32"]
[White "Vogel, Darius"]
[Black "Merz, Andreas"]
[Result "1-0"]
[WhiteElo "1884"]
[BlackElo "1770"]
[EventDate "2023.08.03"]
[Time "09:30:00"]
[WhiteTeam "TSV Trostberg"]
[BlackTeam "SC 74 Treuchtlingen"]

1.e4 e5 2.Nf3 Nc6 3.Bb5 a6 4.Ba4 Nf6 5.O-O b5 6.Bb3 Be7 7.Re1 O-O 8.a4 Bb7
9.c3 d5 10.exd5 Nxd5 11.Nxe5 Nxe5 12.Rxe5 Bd6 13.Rxd5 Bxd5 14.Bxd5 Bxh2+ 
15.Kxh2 Qxd5 16.d4 Rae8 17.Be3 f5 18.g3 Rf6 19.Qh1 Qb3 20.Nd2 Qxb2 21.Qc1 
Qxc1 22.Rxc1 Rc6 23.axb5 axb5 24.Nb3 Ra6 25.Rc2 Kf7 26.Kg2 Rea8 27.c4 b4 
28.Nc1 Rb8 29.Rb2 Ra3 30.Bd2 b3 31.Be3 Rb4 32.Nd3 Ra2 33.Rb1 Rb8 34.Bc1 
Rc2 35.Kf3 Kf6 36.c5 Rc3 37.Ke2 Rc2+ 38.Kd1 Ra2 39.Rb2 g5 40.Kd2 h5 41.Kc3
Rxb2 42.Kxb2 h4 43.gxh4 gxh4 44.Bf4 Rd8 45.Bxc7 Rxd4 46.Be5+ 1-0

[Event "28. Friedensfest-Open (AFRO-A)"]
[Site "Augsburg"]
[Date "2023.08.05"]
[Round "6.8"]
[White "Blodig, Vincent"]
[Black "Kraemer, Max"]
[Result "1-0"]
[WhiteElo "1542"]
[BlackElo "2044"]
[EventDate "2023.08.03"]
[Time "15:30:00"]
[WhiteTeam "Schachfreunde Augsburg"]
[BlackTeam "SK Caissa Augsburg"]

1.e4 e5 2.Nf3 Nc6 3.Bc4 Bc5 4.O-O Nf6 5.d3 a6 6.a4 O-O 7.Bg5 h6 8.Bh4 g5 
9.Bg3 d6 10.c3 Bg4 11.Nbd2 Nh5 12.b4 Nxg3 13.hxg3 Ba7 14.Qb3 Qf6 15.Bd5 
Nd8 16.b5 a5 17.Qb2 Rb8 18.Ba2 Ne6 19.Rae1 h5 20.Nh2 Nc5 21.Qc2 Bd7 22.Nc4
Kg7 23.d4 exd4 24.cxd4 Qxd4 25.Nf3 Qd3 26.Qc1 Nxe4 27.Bb1 Nxf2 28.Rxf2 
Bxf2+ 29.Kxf2 Qd5 30.Re5 1-0

[Event "28. Friedensfest-Open (AFRO-A)"]
[Site "Augsburg"]
[Date "2023.08.04"]
[Round "4.8"]
[White "Braun, Kristin"]
[Black "Kraemer, Max"]
[Result "1/2-1/2"]
[WhiteElo "1868"]
[BlackElo "2044"]
[EventDate "2023.08.03"]
[Time "15:30:00"]
[WhiteTeam "SC JAEKLECHEMIE Talente Franken"]
[BlackTeam "SK Caissa Augsburg"]

1.e4 e5 2.Nf3 Nc6 3.Bc4 Bc5 4.d3 Nf6 5.c3 a6 6.Nbd2 d6 7.a4 Ba7 8.Nf1 h6 
9.h3 Ne7 10.Ne3 O-O 11.g4 d5 12.exd5 e4 13.dxe4 Nxe4 14.Qc2 Nd6 15.Ba2 f5 
16.Ne5 Qe8 17.f4 Ng6 18.Nxg6 Qxg6 19.Nc4 Nxc4 20.Bxc4 Qe8+ 21.Kf1 fxg4 22.
hxg4 Bxg4 23.Qg2 h5 24.Bd2 Qe5 25.d6+ Be6 26.Bxe6+ Qxe6 27.Rxh5 Rae8 28.
Qd5 cxd6 29.Re1 Qxd5 30.Rxd5 Rxe1+ 31.Kxe1 Re8+ 32.Kd1 Re6 33.c4 Re4 34.b3
Rd4 35.Rxd4 1/2-1/2

[Event "28. Friedensfest-Open (AFRO-A)"]
[Site "Augsburg"]
[Date "2023.08.03"]
[Round "1.32"]
[White "Komarov, Jan"]
[Black "Fischermann, Simon"]
[Result "0-1"]
[WhiteElo "1793"]
[BlackElo "1598"]
[EventDate "2023.08.03"]
[Time "09:30:00"]
[WhiteTeam "Schachklub München Südost e.V."]
[BlackTeam "Schachgemeinschaft Porz e. V."]

1.e4 e5 2.Nf3 Nc6 3.Bc4 Nf6 4.d3 Be7 5.a4 O-O 6.O-O d5 7.exd5 Nxd5 8.h3 
Be6 9.Re1 Bf6 10.a5 a6 11.Nbd2 Re8 12.Ne4 h6 13.Nc5 Bc8 14.c3 Rb8 15.d4 
exd4 16.Rxe8+ Qxe8 17.Bxd5 dxc3 18.Qb3 Nd4 19.Qd1 Nxf3+ 20.Bxf3 cxb2 21.
Bxb2 Bxb2 22.Rb1 Be5 23.Qe2 Qe7 24.Nxa6 Ra8 25.Re1 f6 26.Bd5+ Kh8 27.f4 
Rxa6 28.Bc4 Rxa5 29.Kh1 Qb4 30.Rd1 Qe7 31.fxe5 Rxe5 32.Qd2 Bf5 33.Kh2 Be6 
34.Bxe6 Rxe6 35.Qa5 b6 36.Qa8+ Kh7 37.Rd8 Re2 38.Rh8+ Kg6 39.Qf3 Qe5+ 40.
Kg1 Qe3+ 41.Qxe3 Rxe3 42.Rc8 c5 43.Rc6 Rb3 44.Kf2 Rb4 45.Kf3 c4 46.Ke4 b5 
47.g4 Rb3 48.h4 c3 49.Rc7 b4 50.Kf4 Rb2 51.h5+ Kh7 0-1

[Event "28. Friedensfest-Open (AFRO-A)"]
[Site "Augsburg"]
[Date "2023.08.05"]
[Round "5.18"]
[White "Bossinger, Patrick"]
[Black "Schindler, Alexander"]
[Result "1-0"]
[WhiteElo "2003"]
[BlackElo "1909"]
[EventDate "2023.08.03"]
[Time "09:30:00"]
[WhiteTeam "SV Jedesheim 1921"]
[BlackTeam "Schachfreunde Augsburg"]

1.e4 e5 2.Nf3 Nc6 3.Bc4 Nf6 4.d4 exd4 5.O-O d6 6.Nxd4 Nxd4 7.Qxd4 Be7 8.
Nc3 O-O 9.Bg5 h6 10.Bh4 Be6 11.Rad1 Nd7 12.Bxe7 Qxe7 13.Be2 a6 14.f4 f5 
15.exf5 Bxf5 16.Bc4+ Kh8 17.Rde1 Qf6 18.Qxf6 Nxf6 19.Re7 Rac8 20.Bb3 Bd7 
21.Nd5 Rfe8 22.Rxe8+ Rxe8 23.Nxf6 gxf6 24.Kf2 Bc6 25.g3 Kg7 26.Re1 Rxe1 
27.Kxe1 Kg6 28.Kf2 Kf5 29.c3 Kg6 30.Bc2+ Kg7 31.Ke3 b6 32.Be4 Bd7 33.b4 
Be6 34.a3 Bd7 35.Kd4 Be6 36.Bb7 a5 37.bxa5 c5+ 38.Kd3 bxa5 39.Ke4 Kf8 40.
f5 Bb3 41.Bd5 Bc2+ 42.Kf4 Ke7 43.Be6 Kf8 44.g4 Ke7 45.h3 Kf8 46.h4 Kg7 47.
g5 hxg5+ 48.hxg5 fxg5+ 49.Kxg5 Bd3 50.f6+ Kf8 51.Bd5 Bc2 52.f7 Bd1 53.Kf5 
Ke7 54.f8=Q+ Kxf8 55.Ke6 Ke8 56.Kxd6 Kd8 57.Kxc5 Kc7 58.Bc4 Ba4 59.Bd3 Bd7
60.Bb5 Bg4 61.Be8 Be2 62.Bf7 Ba6 63.Bc4 1-0

[Event "28. Friedensfest-Open (AFRO-A)"]
[Site "Augsburg"]
[Date "2023.08.06"]
[Round "7.6"]
[White "Bossinger, Patrick"]
[Black "Reis, Thomas"]
[Result "1/2-1/2"]
[WhiteElo "2003"]
[BlackElo "2196"]
[EventDate "2023.08.03"]
[Time "09:30:00"]
[WhiteTeam "SV Jedesheim 1921"]
[BlackTeam "SK Kriegshaber"]

1.e4 e5 2.Nf3 Nc6 3.Bc4 Nf6 4.d4 exd4 5.O-O Nxe4 6.Re1 d5 7.Bxd5 Qxd5 8.
Nc3 Qa5 9.Nxe4 Be6 10.Neg5 O-O-O 11.Nxe6 fxe6 12.Rxe6 h6 13.Qe1 Qxe1+ 14.
Rxe1 g5 15.Bd2 Bg7 16.Re4 Bf6 17.Rae1 Kd7 18.Kf1 Rdf8 19.h3 Kd6 20.Ke2 Kd5
21.Kd3 b5 22.c3 dxc3 23.Bxc3 a5 24.Bxf6 Rxf6 25.a3 Rd8 26.b4 axb4 27.axb4 
Ra8 28.Kc3 Ra3+ 29.Kb2 Raxf3 30.gxf3 Rxf3 31.h4 Rxf2+ 32.Kc3 Rf3+ 33.Kb2 
Nd4 34.hxg5 hxg5 35.Rg4 Rb3+ 36.Ka2 Rxb4 37.Rxg5+ Kc6 38.Rg6+ Kb7 39.Re4 
Nc6 40.Rxb4 Nxb4+ 41.Kb3 Nd5 42.Rh6 c5 43.Rd6 Nb6 44.Rh6 Nc4 45.Kc3 Na5 
46.Rh4 Nc6 47.Rh5 Kb6 48.Rh6 Kc7 49.Rg6 Ne5 50.Re6 Nc4 51.Rh6 Nd6 52.Rh5 
b4+ 53.Kb3 Kc6 54.Rh8 Ne4 55.Rb8 Nd2+ 56.Ka4 b3 57.Rxb3 Nxb3 58.Kxb3 Kd5 
59.Kc3 c4 60.Kc2 Kd4 61.Kd2 c3+ 62.Kc2 Kc4 63.Kc1 Kb3 64.Kb1 c2+ 65.Kc1 
Kc3 1/2-1/2

[Event "28. Friedensfest-Open (AFRO-A)"]
[Site "Augsburg"]
[Date "2023.08.03"]
[Round "2.34"]
[White "Schneider, Peter"]
[Black "Reschka, Hans"]
[Result "0-1"]
[WhiteElo "1679"]
[BlackElo "1805"]
[EventDate "2023.08.03"]
[Time "15:30:00"]
[WhiteTeam "SC Wolfratshausen 1948 e.V."]
[BlackTeam "SK Kriegshaber"]

1.e4 e5 2.Nf3 Nc6 3.Bc4 Nf6 4.d3 Bc5 5.Nc3 a6 6.a3 d6 7.h3 h6 8.Be3 Bxe3 
9.fxe3 Ne7 10.d4 exd4 11.exd4 Ng6 12.O-O O-O 13.Qd2 b5 14.Bd3 Re8 15.Rae1 
Bb7 16.d5 Nd7 17.Nd4 Nde5 18.Nf5 Bc8 19.Nd1 Qg5 20.Qxg5 hxg5 21.g3 f6 22.
Nde3 Nf8 23.Kg2 Bd7 24.Rf2 a5 25.Nd4 b4 26.Bb5 Reb8 27.a4 Rb6 28.b3 Rc8 
29.Bxd7 Nfxd7 30.Nef5 Kh7 31.Ne6 g6 32.Nfd4 c6 33.dxc6 Nxc6 34.Nb5 Nce5 
35.Rd1 Nf7 36.Nec7 Rc6 37.Nd5 Rxc2 38.Rdd2 Rxd2 39.Rxd2 Kg7 40.Ndc7 Nc5 
41.Kf3 Nxb3 42.Ne6+ Kg8 43.Rd5 Rc6 44.Ke3 Nc5 45.Ned4 Rb6 46.Nxd6 Nxd6 47.
Rxc5 b3 48.Rc1 b2 49.Rb1 Nc4+ 50.Kd3 Na3 0-1

[Event "28. Friedensfest-Open (AFRO-A)"]
[Site "Augsburg"]
[Date "2023.08.04"]
[Round "4.36"]
[White "Fischermann, Simon"]
[Black "Reschka, Hans"]
[Result "0-1"]
[WhiteElo "1598"]
[BlackElo "1805"]
[EventDate "2023.08.03"]
[Time "15:30:00"]
[WhiteTeam "Schachgemeinschaft Porz e. V."]
[BlackTeam "SK Kriegshaber"]

1.e4 e5 2.Nf3 Nc6 3.d4 exd4 4.Bc4 Nf6 5.e5 d5 6.Bb5 Nd7 7.O-O Be7 8.Re1 
O-O 9.Bxc6 bxc6 10.Nxd4 Nb8 11.c3 c5 12.Nb3 Bf5 13.Be3 c4 14.Nd4 Bg6 15.f4
c5 16.Ne2 Nc6 17.Ng3 Qd7 18.Rf1 Bd3 19.Rf2 d4 20.Bd2 f6 21.exf6 Bxf6 22.
Na3 Rab8 23.Be1 Rfe8 24.Nh5 Bh4 25.g3 Bd8 26.g4 Bh4 27.Ng3 Bxg3 28.hxg3 
Re3 29.Rh2 Rbe8 30.Bf2 Re2 31.cxd4 Nxd4 0-1

[Event "28. Friedensfest-Open (AFRO-A)"]
[Site "Augsburg"]
[Date "2023.08.03"]
[Round "2.40"]
[White "Rempel, Alexander jun."]
[Black "Schaad, Simon Ulrich Maria"]
[Result "1-0"]
[WhiteElo "1484"]
[BlackElo "1724"]
[EventDate "2023.08.03"]
[Time "15:30:00"]
[WhiteTeam "Schachfreunde Augsburg"]
[BlackTeam "SK Keres-Augsburg 1980"]

1.e4 e5 2.Nf3 Nc6 3.d4 exd4 4.Bc4 Nf6 5.e5 d5 6.Bb5 Ne4 7.Nxd4 Bd7 8.Bxc6 
bxc6 9.O-O Be7 10.Be3 c5 11.Nb3 d4 12.N1d2 f5 13.exf6 Nxf6 14.Bg5 O-O 15.
Bxf6 Rxf6 16.Ne4 Rg6 17.Qd3 Bc6 18.f3 Qd5 19.Nbd2 Qh5 20.Ng3 Qd5 21.b3 a6 
22.Qc4 Qxc4 23.Nxc4 Bb5 24.Rfe1 Bd6 25.Nxd6 cxd6 26.a4 Bc6 27.Re7 h5 28.
Kf2 h4 29.Nf5 h3 30.g4 Rf8 31.Rc7 Rxf5 32.gxf5 Rg2+ 33.Kf1 Bxf3 34.f6 gxf6
35.Re1 Kf8 36.Ree7 Bd5 37.Rh7 Be6 38.Rb7 Kg8 39.Rhe7 1-0

[Event "28. Friedensfest-Open (AFRO-A)"]
[Site "Augsburg"]
[Date "2023.08.05"]
[Round "5.37"]
[White "Fischermann, Simon"]
[Black "Holzmayr, Norbert"]
[Result "0-1"]
[WhiteElo "1598"]
[BlackElo "1820"]
[EventDate "2023.08.03"]
[Time "09:30:00"]
[WhiteTeam "Schachgemeinschaft Porz e. V."]
[BlackTeam "SV Ilmmuenster"]

1.e4 e5 2.Nf3 Nc6 3.d4 exd4 4.Bc4 Bc5 5.c3 Nf6 6.Bg5 h6 7.Bxf6 Qxf6 8.O-O 
d6 9.Bb5 dxc3 10.Nxc3 O-O 11.Nd2 Nd4 12.Bc4 c6 13.Nb3 Nxb3 14.Qxb3 b5 15.
Bd3 Qg5 16.Kh1 a5 17.f4 Qe7 18.Qd1 a4 19.a3 f5 20.Qf3 b4 21.axb4 Bxb4 22.
exf5 Bxc3 23.bxc3 d5 24.c4 Bxf5 25.cxd5 Bxd3 26.Qxd3 Rfd8 27.Qc2 cxd5 28.
Rxa4 Rxa4 29.Qxa4 Qe2 30.Qd1 Qc4 31.g3 d4 32.Kg2 d3 33.Qd2 Qd5+ 34.Rf3 Qc4
35.Kh3 Kh7 36.Re3 Kh8 37.Re7 Qc5 38.Re5 Rd5 39.Re8+ Kh7 40.g4 Qc6 41.Qe3 
Rd6 42.Qe5 Qf3+ 43.Kh4 g5+ 44.fxg5 hxg5+ 45.Kxg5 Rg6+ 46.Kh4 Qxg4# 0-1

[Event "28. Friedensfest-Open (AFRO-A)"]
[Site "Augsburg"]
[Date "2023.08.05"]
[Round "5.39"]
[White "Gehring, Bastian"]
[Black "Valean, David-Andrei"]
[Result "0-1"]
[WhiteElo "1726"]
[BlackElo "1648"]
[EventDate "2023.08.03"]
[Time "09:30:00"]
[WhiteTeam "SC Sonthofen"]
[BlackTeam "Turngemeinde Schweinfurt 1848 e."]

1.e4 e5 2.Nf3 Nc6 3.d4 exd4 4.Nxd4 Bc5 5.Be3 Qf6 6.c3 Nge7 7.Nc2 Bxe3 8.
Nxe3 d6 9.Bb5 Qg6 10.Qf3 O-O 11.Bxc6 bxc6 12.Nd2 Bd7 13.O-O f5 14.exf5 
Nxf5 15.Nxf5 Rxf5 16.Qd3 Qh6 17.Nf3 Raf8 18.Rae1 Rxf3 19.gxf3 Bh3 20.Kh1 
Bxf1 21.Qxf1 Rxf3 22.Qg2 Qf6 23.Kg1 d5 24.Re8+ Kf7 25.Ra8 Rf5 26.Kf1 Qh6 
27.f3 Qc1+ 28.Kf2 Qxb2+ 29.Kg3 Rg5+ 0-1

[Event "28. Friedensfest-Open (AFRO-A)"]
[Site "Augsburg"]
[Date "2023.08.03"]
[Round "1.30"]
[White "Reschka, Hans"]
[Black "Duong, Quang Bach"]
[Result "0-1"]
[WhiteElo "1805"]
[BlackElo "1658"]
[EventDate "2023.08.03"]
[Time "09:30:00"]
[WhiteTeam "SK Kriegshaber"]
[BlackTeam "Schachfreunde Augsburg"]

1.e4 e5 2.Nf3 Nc6 3.d4 exd4 4.Nxd4 Nf6 5.Nxc6 bxc6 6.e5 Qe7 7.Qe2 Nd5 8.c4
Ba6 9.b3 g6 10.g3 Bg7 11.Bb2 O-O 12.Bg2 Rfe8 13.O-O Bxe5 14.Bxe5 Qxe5 15.
Qxe5 Rxe5 16.cxd5 Bxf1 17.Kxf1 cxd5 18.Nc3 c6 19.Re1 Rxe1+ 20.Kxe1 Kf8 21.
Kd2 Ke7 22.f4 Kd6 23.h3 a5 24.Bf3 f5 25.h4 h6 26.Bd1 Ke6 27.Kd3 Rg8 28.Na4
g5 29.fxg5 hxg5 30.Nc5+ Ke7 31.Ke3 f4+ 32.Kf3 fxg3 33.h5 d6 34.Nd3 Rf8+ 
35.Kxg3 Rf1 36.Nf2 Kf7 37.Kg2 Re1 38.Kf3 Kg7 39.Kg3 Kh6 40.Kg2 d4 41.Bf3 
d5 42.Nd1 d3 43.Kf2 d2 44.Be2 Kg7 45.Ke3 g4 46.Kxd2 Rg1 47.Ke3 Kh6 48.Kf2 
Rh1 49.Kg2 Rh4 50.Nf2 Rxh5 51.Nxg4+ Kg7 52.Kf3 Kf8 53.Ke3 Ke7 54.Kd3 Kd6 
55.Ne3 Rh2 56.Nf1 Rh1 57.Nd2 Ra1 58.a4 Kc5 59.Kc3 Rc1+ 60.Kb2 Re1 61.Ba6 
Re3 62.Bb7 Rg3 63.Kc2 Rg2 64.Kd3 Rg8 65.b4+ Kb6 66.Bxc6 Kxc6 67.bxa5 Rg3+ 
68.Kc2 Ra3 69.Nb3 Rxa4 70.Kc3 Kd6 71.Kd3 Ke5 72.Kc2 d4 73.Kd3 Kd5 74.Kc2 
Kd6 75.Kd3 Ke5 76.Kc2 Kd5 77.Kd3 Ra2 78.Nc1 Rxa5 79.Nb3 Ra3 80.Kc2 Ra2+ 
81.Kd3 Rh2 82.Nd2 Rh3+ 83.Kc2 Ke5 84.Nc4+ Kf4 85.Kd2 Ke4 86.Nd6+ Kd5 87.
Nf7 Ra3 88.Ng5 Kc4 89.Ne6 Ra2+ 0-1

[Event "28. Friedensfest-Open (AFRO-A)"]
[Site "Augsburg"]
[Date "2023.08.04"]
[Round "4.21"]
[White "Kelemen, Alexander"]
[Black "Hoeller, Armin"]
[Result "0-1"]
[WhiteElo "1822"]
[BlackElo "1985"]
[EventDate "2023.08.03"]
[Time "15:30:00"]
[WhiteTeam "SC Bad Salzdetfurth"]
[BlackTeam "SK Weilheim e.V."]

1.e4 e5 2.Nf3 Nc6 3.Nc3 d6 4.d4 Bg4 5.d5 Nd4 6.Be3 Nxf3+ 7.gxf3 Bd7 8.Bd3 
g6 9.Qe2 Bh6 10.O-O-O a6 11.Bxh6 Nxh6 12.h4 f5 13.f4 Qe7 14.Qd2 Nf7 15.
fxe5 Nxe5 16.f4 Nxd3+ 17.cxd3 O-O-O 18.Rde1 fxe4 19.dxe4 Rhf8 20.h5 Qf7 
21.hxg6 hxg6 22.e5 Bg4 23.Rh4 Bh5 24.e6 Qe7 25.Rh3 Rf5 26.Qd4 Kb8 27.Kb1 
Rdf8 28.Rf1 Qe8 29.Re3 g5 30.Re4 Bg6 31.Kc1 R5f6 32.Re2 gxf4 33.Ne4 Rf5 
34.Ref2 f3 35.Nd2 Bh5 36.Qd3 Qe7 37.b3 Qf6 38.Kb1 Bg6 39.Ne4 Qe5 40.Re1 
Rf4 0-1

[Event "28. Friedensfest-Open (AFRO-A)"]
[Site "Augsburg"]
[Date "2023.08.05"]
[Round "6.33"]
[White "Kelemen, Alexander"]
[Black "Valean, David-Andrei"]
[Result "1-0"]
[WhiteElo "1822"]
[BlackElo "1648"]
[EventDate "2023.08.03"]
[Time "15:30:00"]
[WhiteTeam "SC Bad Salzdetfurth"]
[BlackTeam "Turngemeinde Schweinfurt 1848 e."]

1.e4 e5 2.Nf3 Nc6 3.Nc3 Nf6 4.Bb5 d6 5.d4 exd4 6.Nxd4 Bd7 7.Nxc6 Bxc6 8.
Bxc6+ bxc6 9.O-O Be7 10.Re1 Nd7 11.f4 O-O 12.Be3 f5 13.Qd3 fxe4 14.Qxe4 d5
15.Qe6+ Kh8 16.Qxc6 d4 17.Bxd4 Rxf4 18.Ne2 Rh4 19.g3 Rh6 20.Qxh6 1-0